01551cam a22004097a 4500003000500000005001700005008004100022010000900063011000900072035000900081040000900090082001800099100002500117245009700142260007700239300001000316410004900326490002600375500001100401590004100412590004100453590004100494590004100535590004100576590004100617590004200658650005100700650002400751650004400775810004900819830003300868901000700901942001000908949007000918999001500988952013801003CHAP20220817041003.0971013s1990 r 00010 d a4010 a4982 a4187 cCHAP a338.10545bB400aBhalla, G. S.912147 0aAgricultural growth and structural changes in the Punjab economyb: an input-output analysis aWashington, D. C. :bInternational Food Policy Research Institute,c1990 a119 p aInternational Food Policy Research Institute 0aResearch reportv; 82 aD52-89 aBATCH-UPDb10c20130109lUCH01h2340 aBATCH-UPDb10c20130110lUCH01h0204 aBATCH-UPDb10c20130110lUCH01h2139 aBATCH-UPDb10c20130409lUCH01h1908 aBATCH-UPDb10c20130410lUCH01h1447 aBATCH-UPDb10c20130913lUCH01h2054 aCONVERSIONb10c20130109lUCH01h130314aAgriculturaxAspectos economicosxIndia.9125714aAgriculturaxIndia.14aIndiaxCondiciones económicas.957542 aInternational Food Policy Research Institute0 aResearch reportv; 82996080 aBK cLIBRO a338.10545 B4bBCcLIBROd33724000358503eLIBROh79979i4187mDsi c4010d4010 00102ddc4052708GRALaBCbBCcPA_GRALd2019-12-31fLIBROl0o338.10545 B4p33724000358503r2019-12-31 00:00:00w2019-12-31yLIBRO